El Pentateuco: introducción ala lectura de los cinco primeros libros de la biblia
সংরক্ষণ করুন:
| প্রধান লেখক: | |
|---|---|
| বিন্যাস: | গ্রন্থ |
| ভাষা: | স্প্যানিশ |
| প্রকাশিত: |
Pamplona
Verbo Divino
2008
|
| সংস্করন: | 3a. ed |
| মালা: | Introducción al Estudio de la Biblia, 3a
|
| বিষয়গুলি: | |
| ট্যাগগুলো: |
ট্যাগ যুক্ত করুন
কোনো ট্যাগ নেই, প্রথমজন হিসাবে ট্যাগ করুন!
|
MARC
| LEADER | 00000nam a2200000 a 4500 | ||
|---|---|---|---|
| 001 | UCH3117 | ||
| 003 | CL-VaPUC | ||
| 008 | 090715e20080000SP |||||||||||||||||spa|d | ||
| 020 | |a 9788481695946 | ||
| 082 | 0 | 4 | |a 222.1 |b GAR |2 21 |
| 100 | |a García López, Félix |9 282 | ||
| 245 | 1 | 3 | |a El Pentateuco: introducción ala lectura de los cinco primeros libros de la biblia |
| 250 | |a 3a. ed | ||
| 300 | |a 373 p | ||
| 942 | |c BK | ||
| 945 | |d 20090715 00:00:00 |a rbrito | ||
| 260 | |a Pamplona |b Verbo Divino |c 2008 | ||
| 650 | 0 | |a Biblia |9 257603 | |
| 650 | 0 | |a Antiguo testamento |9 313678 | |
| 650 | 0 | |a Pentateuco |9 314343 | |
| 650 | 0 | |a Génesis |9 334078 | |
| 650 | 7 | |a EXODO |2 CL-VaPUC |9 320762 | |
| 650 | 7 | |a LEVITICO |2 CL-VaPUC |9 538283 | |
| 650 | 0 | |a Números |9 265328 | |
| 650 | 0 | |a Deuteronomio |9 320683 | |
| 650 | 7 | |a COMPOSICION DEL PENTATEUCO |2 CL-VaPUC |9 538284 | |
| 583 | |a last modification |c 20130402 09:51:13 |k Rodrigo Vera | ||
| 490 | 0 | |a Introducción al Estudio de la Biblia, 3a | |
| 999 | |c 334755 |d 334753 | ||
| 952 | |0 0 |1 0 |4 0 |6 222_100000000000000_GAR_2008 |7 0 |8 A |9 423909 |a BIBTEO |b BIBTEO |d 2019-11-22 |i 457379K |o 222.1 GAR 2008 |p 457379K |r 2025-01-17 |w 2019-11-22 |y BK |k ICR | ||
| 952 | |0 0 |1 0 |4 0 |6 222_100000000000000_GAR_2008 |7 0 |8 A |9 423910 |a BIBTEO |b BIBTEO |d 2019-11-22 |i 4573803 |o 222.1 GAR 2008 |p 4573803 |r 2025-01-17 |w 2019-11-22 |y BK |k ICR | ||